000 00517nam a22001817a 4500
003 NUST - PNEC
005 20170116181050.0
008 150929b xxu||||| |||| 00| 0 eng d
020 _a0705409880
040 _cLIBRARY
082 _a909.82 TIM
100 _911822
_aTime-life books
245 _aThe Nuclear age : TimeFrame AD 1950-1990
_cTime-Life Books
260 _aU.S.A.
_cc1991.
300 _a178 p.:
650 _911829
_aHistory, modem, international relations, world politics
_xGeneral
942 _2ddc
_cBK
999 _c68359
_d68359